<?xml version="1.0" encoding="UTF-8"?>
<record
    xmlns:xsi="http://www.w3.org/2001/XMLSchema-instance"
    xsi:schemaLocation="http://www.loc.gov/MARC21/slim http://www.loc.gov/standards/marcxml/schema/MARC21slim.xsd"
    xmlns="http://www.loc.gov/MARC21/slim">

  <leader>02073nam a22002537a 4500</leader>
  <controlfield tag="003">DO-SdBNP</controlfield>
  <controlfield tag="005">20211115111023.0</controlfield>
  <controlfield tag="007">ta</controlfield>
  <controlfield tag="008">211115b2021    dr ||||| |||| 00| 0 spa d</controlfield>
  <datafield tag="020" ind1=" " ind2=" ">
    <subfield code="a">9789945929942</subfield>
  </datafield>
  <datafield tag="040" ind1=" " ind2=" ">
    <subfield code="a">DO-SdBNP</subfield>
    <subfield code="b">spa</subfield>
    <subfield code="c">BNPHU</subfield>
  </datafield>
  <datafield tag="245" ind1="1" ind2="0">
    <subfield code="a">Ellas narran /</subfield>
    <subfield code="c">compilaci&#xF3;n de Lusmerlin Lantigua.</subfield>
  </datafield>
  <datafield tag="246" ind1="1" ind2="0">
    <subfield code="a">Ellas narran : </subfield>
    <subfield code="b">Muestra del Taller Literario Narradores de Santo Domingo</subfield>
  </datafield>
  <datafield tag="260" ind1=" " ind2=" ">
    <subfield code="a">Santo Domingo : </subfield>
    <subfield code="b">Ultimos Monstruos Editores,</subfield>
    <subfield code="c">2021.</subfield>
  </datafield>
  <datafield tag="300" ind1=" " ind2=" ">
    <subfield code="a">161 p. ; </subfield>
    <subfield code="c">19 cm. </subfield>
  </datafield>
  <datafield tag="490" ind1=" " ind2=" ">
    <subfield code="a">M&#xE1;s all&#xE1; del espejo </subfield>
  </datafield>
  <datafield tag="500" ind1=" " ind2=" ">
    <subfield code="a">Incluye datos biogr&#xE1;ficos de la compiladora   en la contracubierta.</subfield>
  </datafield>
  <datafield tag="505" ind1="0" ind2=" ">
    <subfield code="t">La conversi&#xF3;n  de los objetos /</subfield>
    <subfield code="r">Yuni Ram&#xED;rrez --</subfield>
    <subfield code="t">El espejo </subfield>
    <subfield code="r">Mar&#xED;a Luisa Tav&#xE1;rez --</subfield>
    <subfield code="t">Gallina desplumada /</subfield>
    <subfield code="r">Gladys Almonte --</subfield>
    <subfield code="t">Fui un lagarto /</subfield>
    <subfield code="t">Adelita /</subfield>
    <subfield code="r">Niurca Herrera Mej&#xED;a --</subfield>
    <subfield code="t">La cuchara de madera /</subfield>
    <subfield code="r">Luisa Navarro --</subfield>
    <subfield code="t">Sin comer guineo /</subfield>
    <subfield code="r">Sady F&#xE9;liz --</subfield>
    <subfield code="t">Tri&#xE1;logo Cel  /</subfield>
    <subfield code="r">Bienvenidad Mendoza Ben&#xED;tez --</subfield>
    <subfield code="t">Tres comportamientos /</subfield>
    <subfield code="r">Elena  Ramos Grull&#xF3;n --</subfield>
    <subfield code="t">Un d&#xED;a lluvioso /</subfield>
    <subfield code="r">Fania Jeanette Herrera --</subfield>
    <subfield code="t">El traje blanco /</subfield>
    <subfield code="r">Fania Jeanette Herrera --</subfield>
    <subfield code="t">La sala /</subfield>
    <subfield code="r">Bienvenidad Morla --</subfield>
    <subfield code="t">El hombre sombra /</subfield>
    <subfield code="r">Bileysi Reyes --</subfield>
    <subfield code="t">No me dejes por despu&#xE9;s /</subfield>
    <subfield code="r">Raisa Pimentel Mendoza --</subfield>
    <subfield code="t">Nota recordatoria /</subfield>
    <subfield code="r">Orly Diane Rodr&#xED;guez  --</subfield>
    <subfield code="t">Mu&#xF1;eca de trapo  /</subfield>
    <subfield code="r"> &#xC1;ngela Genao --</subfield>
    <subfield code="t">La hermandad /</subfield>
    <subfield code="r">Roxanna Delgado Boy&#xE1; --                                     </subfield>
    <subfield code="t">Se supone que  no sabr&#xE1;s /</subfield>
    <subfield code="r">Ana Rosa P&#xE9;rez --</subfield>
    <subfield code="t">Respir&#xF3; por ella  /</subfield>
    <subfield code="r">Ana Rosa P&#xE9;rez --</subfield>
    <subfield code="t">Azul / </subfield>
    <subfield code="r"> &#xC1;gueda Pizarro --</subfield>
    <subfield code="t">El regalo /</subfield>
    <subfield code="r">Mildred de los Santos --</subfield>
    <subfield code="t">Rastro de animal /</subfield>
    <subfield code="r">Mildred de los Santos --</subfield>
    <subfield code="t">El pil&#xF3;n An&#xED;bal /</subfield>
    <subfield code="r">Mildred de los Santos --</subfield>
    <subfield code="t">Algod&#xF3;n de nariz /</subfield>
    <subfield code="r">Mildred Rodr&#xED;guez --</subfield>
    <subfield code="t">Los seres /</subfield>
    <subfield code="r">Lady Laura Liriano --</subfield>
    <subfield code="t">Remordimiento /</subfield>
    <subfield code="r">Margarita Cid --</subfield>
    <subfield code="t">El misterio de la carrtera  /</subfield>
    <subfield code="r">Deisy Toussaint --</subfield>
    <subfield code="t">S&#xFA;perpoder in&#xFA;til //</subfield>
    <subfield code="t">El pr&#xF3;ximo /</subfield>
    <subfield code="r">Lusmerlin Lantigua.</subfield>
  </datafield>
  <datafield tag="590" ind1=" " ind2=" ">
    <subfield code="a">Inventariado, 2021 /LP

</subfield>
  </datafield>
  <datafield tag="700" ind1="1" ind2=" ">
    <subfield code="a">Lantigua, Lusmerlin, </subfield>
    <subfield code="e"> compilaci&#xF3;n </subfield>
    <subfield code="9">77082</subfield>
  </datafield>
  <datafield tag="830" ind1=" " ind2=" ">
    <subfield code="a">M&#xE1;s all&#xE1; del espejo </subfield>
    <subfield code="9">80623</subfield>
  </datafield>
  <datafield tag="910" ind1=" " ind2=" ">
    <subfield code="a">Lop&#xE9;rez</subfield>
  </datafield>
  <datafield tag="942" ind1=" " ind2=" ">
    <subfield code="2">ddc</subfield>
    <subfield code="c">LBS1</subfield>
  </datafield>
  <datafield tag="952" ind1=" " ind2=" ">
    <subfield code="0">0</subfield>
    <subfield code="1">0</subfield>
    <subfield code="2">ddc</subfield>
    <subfield code="5">1</subfield>
    <subfield code="7">0</subfield>
    <subfield code="8">PD</subfield>
    <subfield code="a">BNPHU</subfield>
    <subfield code="b">PD</subfield>
    <subfield code="c">HD</subfield>
    <subfield code="d">2021-11-15</subfield>
    <subfield code="e">Dep&#xF3;sito Legal </subfield>
    <subfield code="l">0</subfield>
    <subfield code="p">2021-28107</subfield>
    <subfield code="r">2021-11-15</subfield>
    <subfield code="w">2021-11-15</subfield>
    <subfield code="y">LFPD</subfield>
  </datafield>
  <datafield tag="952" ind1=" " ind2=" ">
    <subfield code="0">0</subfield>
    <subfield code="1">0</subfield>
    <subfield code="2">ddc</subfield>
    <subfield code="5">1</subfield>
    <subfield code="7">0</subfield>
    <subfield code="8">PD</subfield>
    <subfield code="a">BNPHU</subfield>
    <subfield code="b">PD</subfield>
    <subfield code="c">HD</subfield>
    <subfield code="d">2021-11-15</subfield>
    <subfield code="e">Dep&#xF3;sito Legal </subfield>
    <subfield code="l">0</subfield>
    <subfield code="p">2021-28108</subfield>
    <subfield code="r">2021-11-15</subfield>
    <subfield code="t">e.2</subfield>
    <subfield code="w">2021-11-15</subfield>
    <subfield code="y">LFPD</subfield>
  </datafield>
  <datafield tag="952" ind1=" " ind2=" ">
    <subfield code="0">0</subfield>
    <subfield code="1">0</subfield>
    <subfield code="2">ddc</subfield>
    <subfield code="5">6</subfield>
    <subfield code="7">0</subfield>
    <subfield code="8">DS</subfield>
    <subfield code="a">BNPHU</subfield>
    <subfield code="b">DO</subfield>
    <subfield code="c">HD</subfield>
    <subfield code="d">2021-11-15</subfield>
    <subfield code="e">Dep&#xF3;sito Legal </subfield>
    <subfield code="l">0</subfield>
    <subfield code="p">2021-28109</subfield>
    <subfield code="r">2021-11-15</subfield>
    <subfield code="t">e.3</subfield>
    <subfield code="w">2021-11-15</subfield>
    <subfield code="y">LFDS</subfield>
  </datafield>
  <datafield tag="999" ind1=" " ind2=" ">
    <subfield code="c">50962</subfield>
    <subfield code="d">50962</subfield>
  </datafield>
</record>
